| 000 -ლიდერი |
| ფიქსირებული სიგრძის საკონტროლო ველი |
01711nam a22002417a 4500 |
| 003 - საკონტროლო ნომრის იდენტიფიკატორი |
| საკონტროლო ველი |
Ge_BSU |
| 005 - ბოლო ოპერაციის თარიღი და დრო |
| საკონტროლო ველი |
20221221160424.0 |
| 008 - ფიქსირებული სიგრძის მონაცემთა ელემენტები - ზოგადი ინფორმაცია |
| ფიქსირებული სიგრძის საკონტროლო ველი |
210325s2019 ge ||||| |||| 00| 0 geo d |
| 041 ## - ენის კოდი |
| Language code of text/sound track or separate title |
geo |
| 080 ## - უნივერსალური ათობითი კლასიფიკაციის ინდექსი |
| Universal Decimal Classification number |
58 დ-15 |
| 100 ## - მთავარი ჩანაწერი - პიროვნების სახელი |
| Personal name |
დავითაძე, რუსლან |
| 9 (RLIN) |
2892 |
| 245 ## - ცნობა სათაურის შესახებ |
| Title |
სტევიას ახალი ინტროდუცირებული ჯიშების ბიოლოგიურად აქტიური ნივთიერებები / |
| Statement of responsibility, etc |
რუსლან დავითაძე; სამეცნ. ხელმძღვანელი ა. კალანდია; ბსუ. საბუნებისმეტყველო მეცნიერებათა და ჯანდაცვის ფაკულტეტი. ქიმიის დეპარტამენტი |
| 264 ## - წარმოების, გამოცემის, დისტრიბუციის და სხვა ცნობები |
| გამოცემის, წარმოების, დისტრიბუციის... ადგილი |
ბათუმი, |
| გამოცემის, წარმოების, დისტრიბუციის... თარიღი |
2019. |
| 300 ## - ფიზიკური აღწერა |
| Extent |
117 გვ.; |
| Other physical details |
ილ., |
| Dimensions |
30 სმ. |
| 504 ## - BIBLIOGRAPHY, ETC. NOTE |
| Bibliography, etc |
ბიბლიოგრ. გვ. 98-110 |
| 653 ## - INDEX TERM--UNCONTROLLED |
| Uncontrolled term |
ბიოლოგია |
| 653 ## - INDEX TERM--UNCONTROLLED |
| Uncontrolled term |
ქიმია |
| 653 ## - INDEX TERM--UNCONTROLLED |
| Uncontrolled term |
სტევიას ახალი ინტროდუცირებული ჯიშების ბიოლოგიურად აქტიური ნივთიერებები |
| 653 ## - INDEX TERM--UNCONTROLLED |
| Uncontrolled term |
დისერტაცია |
| 700 ## - ADDED ENTRY--PERSONAL NAME |
| Personal name |
კალანდია, ა. |
| Relator term |
სამეცნ. ხელმძღვანელი |
| 9 (RLIN) |
10752 |
| 710 ## - ADDED ENTRY--CORPORATE NAME |
| Corporate name or jurisdiction name as entry element |
ბსუ. |
| Subordinate unit |
საბუნებისმეტყველო მეცნიერებათა და ჯანდაცვის ფაკულტეტი. ქიმიის დეპარტამენტი |
| 9 (RLIN) |
10753 |
| 942 ## - ADDED ENTRY ELEMENTS (KOHA) |
| Source of classification or shelving scheme |
|
| Koha item type |
დისერტაცია |